Locations by Letter - K - Statistics

General Stats
  • This quiz has been taken 36,618 times
  • The average score is 13 of 20
Answer Stats
Description Location % Correct
U.S. state where Dorothy Gale lives Kansas
90%
Superman's home planet Krypton
90%
Capital of Ukraine Kyiv
88%
Country invaded by Saddam Kuwait
87%
Tallest mountain in Africa Kilimanjaro
86%
Former capital of Japan Kyoto
86%
Offical residence of Vladimir Putin Kremlin
85%
African country where Masai people live Kenya
84%
Capital of Nepal Kathmandu
74%
County in southeast England Kent
71%
Region disputed between India, Pakistan, and China Kashmir
59%
Modern name of Calcutta Kolkata
59%
Indonesian volcano that blew its top in 1883 Krakatoa
59%
Florida island where Hemingway lived Key West
58%
Restaurant where SpongeBob works Krusty Krab
54%
Apu's convenience store Kwik-E-Mart
49%
Capital of Westeros where the evil Joffrey ruled King's Landing
34%
We'll get there fast and then we'll take it slow Kokomo
31%
Russian Far East peninsula featured in the board game Risk Kamchatka
30%
First Pokemon region Kanto
22%
No matching quizzes found
Score Distribution
Percent of People with Each Score
Percentile by Number Answered
Your Score History
You have not taken this quiz